000 nam a22 7a 4500
999 _c16123
_d16123
008 161108b xxu||||| |||| 00| 0 eng d
020 _a39785326090
050 _aHD 31 .T689 1999
100 _aTrout, Jack.
245 _aThe power of simplicity :
_cJack Trout and Steve Rivkin.
260 _aNew York :
_bMcGraw- Hill ,
_c1999.
300 _ax, 205p. :
_bill. ;
_c25cm.
500 _aInclude index.
650 _aIndusrial management.
650 _aSimplicity.
700 _aRivkin, Steve.
942 _2lcc
_cBOOKS
_hHD 31 .T689 1999